000 00336nam a22001337a 4500
008 170815b xxu||||| |||| 00| 0 eng d
020 _a0387903275
041 _aeng
080 _23 ED
_a51
100 _a36
101 _aMAT
245 _aPARTIAL DIFFERENTIAL EQUATIONS APPLEIED MATHEMATICS SCIENCES
_cJOHN.F
942 _2udc
_cBK
999 _c23503
_d23503